Foundation fundamentals: a guide for grantseekers

Guardado en:
Bibliografiske detaljer
Hovedforfatter: Kurzig, Carol M.
Institution som forfatter: <The> Foundation Center
Format: Texto
Udgivet: The Foundation Center
Udgivelse:0
Tags: Tilføj Tag
Ingen Tags, Vær først til at tagge denne postø!

MARC

LEADER 00000 a a2200000 04500
001 23490
003
040
090 |a 163200  
100 |a Kurzig, Carol M.  
110 |a <The> Foundation Center  
245 |a Foundation fundamentals: a guide for grantseekers  
250 |a 0  
260 |a The Foundation Center  
300 |a 148 p   |b **no definido**  
999 |c 17171  |d 17171